Central Library OPAC University of Rajshahi

The right way to radio playwriting / (Record no. 17367)

MARC details
000 -LEADER
fixed length control field 00559nam a2200205 a 4500
001 - CONTROL NUMBER
control field 17367
003 - CONTROL NUMBER IDENTIFIER
rucl marc code BD-RjUL
005 - DATE AND TIME OF LATEST TRANSACTION
control field 20211209000128.0
008 - FIXED-LENGTH DATA ELEMENTS--GENERAL INFORMATION
fixed length control field 891027s1948 xna 0 eng d
035 ## - SYSTEM CONTROL NUMBER
System control number (BD-RjUL)17425
040 ## - CATALOGING SOURCE
Original cataloging agency ANL
Language of cataloging eng
Transcribing agency ANL
Modifying agency BD-RjUL
041 ## - LANGUAGE CODE
Language code of text/sound track or separate title eng
082 04 - DEWEY DECIMAL CLASSIFICATION NUMBER
Classification number 791.44
Author mark and year GIR 1948
100 1# - MAIN ENTRY--PERSONAL NAME
Personal name Gielgud, Val
Dates associated with a name 1900-
9 (RLIN) 53517
245 14 - TITLE STATEMENT
Title The right way to radio playwriting /
Statement of responsibility, etc. Val Gielgud.
260 ## - PUBLICATION, DISTRIBUTION, ETC. (IMPRINT)
Place of publication, distribution, etc. Kingswood ; Sy. :
Name of publisher, distributor, etc. Elliot,
Date of publication, distribution, etc. [1948].
300 ## - PHYSICAL DESCRIPTION
Pagination 133 p. ;
Size 18 cm.
650 ## - SUBJECT ADDED ENTRY--TOPICAL TERM
Topical term or geographic name as entry element Radio authorship.
9 (RLIN) 53518
942 ## - ADDED ENTRY ELEMENTS (KOHA)
Source of classification or shelving scheme Dewey Decimal Classification
Koha item type Books
Holdings
Lost status Source of classification or shelving scheme Damaged status Not for loan Collection code Permanent Location Current Location Shelving location Date acquired Source of acquisition Cost, normal purchase price Total Checkouts Full call number Date last seen Copy number Koha item type
  Dewey Decimal Classification   Not For Loan Non-fiction Central Library, University of Rajshahi Central Library, University of Rajshahi Reading Room 11/04/2056 Blackwell 0.06   791.44 GIR 1948 16/02/2014 C-1 Books